[Event "Memorial Kurnosova 2017"]
[Site "?"]
[Date "2017.09.09"]
[Round "6.5"]
[White "Lysyj, Igor"]
[Black "Potapov, Pavel"]
[Result "1/2-1/2"]
[LiveChessVersion "1.4.8"]
[BlackElo "2527"]
[WhiteElo "2667"]

1. d4 {[%clk 0:15:18]} f5 {[%clk 0:15:18]} 2. Nf3 {[%clk 0:15:23]} Nf6
{[%clk 0:15:24]} 3. c4 {[%clk 0:15:32]} g6 {[%clk 0:15:32]} 4. Nc3
{[%clk 0:15:40]} Bg7 {[%clk 0:15:39]} 5. e3 {[%clk 0:15:49]} O-O {[%clk 0:15:33]}
6. Be2 {[%clk 0:15:57]} d6 {[%clk 0:15:40]} 7. O-O {[%clk 0:16:05]} c6
{[%clk 0:15:40]} 8. b3 {[%clk 0:15:19]} Qc7 {[%clk 0:14:25]} 9. Ba3
{[%clk 0:15:16]} a5 {[%clk 0:13:48]} 10. Qc2 {[%clk 0:15:10]} Na6
{[%clk 0:13:52]} 11. Rad1 {[%clk 0:13:26]} Nb4 {[%clk 0:13:43]} 12. Qb1
{[%clk 0:13:35]} e5 {[%clk 0:12:40]} 13. c5 {[%clk 0:12:23]} dxc5
{[%clk 0:10:59]} 14. Bc4+ {[%clk 0:11:39]} Kh8 {[%clk 0:11:03]} 15. Nxe5
{[%clk 0:11:27]} cxd4 {[%clk 0:10:42]} 16. exd4 {[%clk 0:11:35]} b5
{[%clk 0:08:47]} 17. Be2 {[%clk 0:11:36]} Bb7 {[%clk 0:08:53]} 18. Nd3
{[%clk 0:07:53]} Ng4 {[%clk 0:06:48]} 19. Bxg4 {[%clk 0:05:33]} fxg4
{[%clk 0:06:56]} 20. Ne4 {[%clk 0:02:59]} Rfe8 {[%clk 0:05:46]} 21. Nec5
{[%clk 0:02:08]} Nd5 {[%clk 0:05:12]} 22. Bb2 {[%clk 0:02:07]} Bc8
{[%clk 0:05:12]} 23. Ne5 {[%clk 0:02:13]} Bf5 {[%clk 0:05:08]} 24. Qc1
{[%clk 0:02:22]} Kg8 {[%clk 0:04:26]} 25. Rfe1 {[%clk 0:02:31]} Re7
{[%clk 0:03:51]} 26. Ne4 {[%clk 0:02:20]} Rae8 {[%clk 0:03:28]} 27. Ng3
{[%clk 0:02:22]} Bc8 {[%clk 0:03:19]} 28. Re2 {[%clk 0:01:55]} Bb7
{[%clk 0:02:28]} 29. Rde1 {[%clk 0:01:25]} c5 {[%clk 0:02:09]} 30. Rc2
{[%clk 0:01:26]} c4 {[%clk 0:01:38]} 31. bxc4 {[%clk 0:00:46]} Nb4
{[%clk 0:01:47]} 32. Rce2 {[%clk 0:00:17]} Bxe5 {[%clk 0:01:44]} 33. dxe5
{[%clk 0:00:24]} Nd3 1/2-1/2

[Event "Memorial Kurnosova 2017"]
[Site "?"]
[Date "2017.09.09"]
[Round "6.6"]
[White "Ovetchkin, Roman"]
[Black "Zvjaginsev, Vadim"]
[Result "1-0"]
[LiveChessVersion "1.4.8"]
[BlackElo "2621"]
[WhiteElo "2489"]

1. d4 {[%clk 0:15:15]} d6 {[%clk 0:15:13]} 2. e4 {[%clk 0:15:19]} Nf6
{[%clk 0:15:21]} 3. Nc3 {[%clk 0:15:27]} g6 {[%clk 0:15:29]} 4. f4
{[%clk 0:15:22]} Bg7 {[%clk 0:15:37]} 5. Nf3 {[%clk 0:15:30]} O-O
{[%clk 0:15:45]} 6. Bd3 {[%clk 0:14:03]} Na6 {[%clk 0:15:52]} 7. O-O
{[%clk 0:14:03]} c5 {[%clk 0:15:59]} 8. d5 {[%clk 0:14:10]} Rb8 {[%clk 0:16:07]}
9. Qe1 {[%clk 0:13:25]} Nb4 {[%clk 0:16:14]} 10. a3 {[%clk 0:13:22]} Nxd3
{[%clk 0:16:20]} 11. cxd3 {[%clk 0:13:31]} b5 {[%clk 0:15:51]} 12. Qh4
{[%clk 0:13:13]} b4 {[%clk 0:13:37]} 13. axb4 {[%clk 0:11:36]} cxb4
{[%clk 0:13:46]} 14. Nd1 {[%clk 0:11:01]} a5 {[%clk 0:12:52]} 15. f5
{[%clk 0:10:38]} h5 {[%clk 0:12:30]} 16. fxg6 {[%clk 0:09:41]} fxg6
{[%clk 0:12:26]} 17. h3 {[%clk 0:09:24]} Ba6 {[%clk 0:11:25]} 18. Nf2
{[%clk 0:09:30]} Nd7 {[%clk 0:08:52]} 19. Qg3 {[%clk 0:07:16]} Qe8
{[%clk 0:08:50]} 20. Rxa5 {[%clk 0:07:01]} Nc5 {[%clk 0:08:59]} 21. Rxc5
{[%clk 0:05:32]} dxc5 {[%clk 0:09:02]} 22. Bf4 {[%clk 0:04:36]} Rxf4
{[%clk 0:07:20]} 23. Qxf4 {[%clk 0:04:44]} Bxb2 {[%clk 0:07:23]} 24. d6
{[%clk 0:02:19]} Rd8 {[%clk 0:05:52]} 25. e5 {[%clk 0:01:48]} exd6
{[%clk 0:05:58]} 26. Ne4 {[%clk 0:01:57]} Qf8 {[%clk 0:04:48]} 27. Qd2
{[%clk 0:01:46]} Bc3 {[%clk 0:04:39]} 28. Qa2+ {[%clk 0:01:49]} c4
{[%clk 0:03:25]} 29. Qxa6 {[%clk 0:01:49]} cxd3 {[%clk 0:03:33]} 30. Nxc3
{[%clk 0:01:29]} bxc3 {[%clk 0:03:38]} 31. Qxd3 {[%clk 0:01:37]} 1-0

[Event "Memorial Kurnosova 2017"]
[Site "?"]
[Date "2017.09.09"]
[Round "6.8"]
[White "Predke, Alexandr"]
[Black "Lugovskoy, Maxim"]
[Result "1-0"]
[LiveChessVersion "1.4.8"]
[BlackElo "2509"]
[WhiteElo "2592"]

1. e4 {[%clk 0:15:16]} e6 {[%clk 0:15:19]} 2. d4 {[%clk 0:15:22]} d5
{[%clk 0:15:27]} 3. Nc3 {[%clk 0:15:30]} Bb4 {[%clk 0:15:35]} 4. e5
{[%clk 0:15:35]} c5 {[%clk 0:15:44]} 5. a3 {[%clk 0:15:43]} Bxc3+
{[%clk 0:15:52]} 6. bxc3 {[%clk 0:15:52]} Ne7 {[%clk 0:16:00]} 7. Qg4
{[%clk 0:15:58]} Qc7 {[%clk 0:16:09]} 8. Qxg7 {[%clk 0:16:05]} Rg8
{[%clk 0:16:18]} 9. Qxh7 {[%clk 0:16:13]} cxd4 {[%clk 0:16:27]} 10. Qd3
{[%clk 0:16:14]} dxc3 {[%clk 0:16:16]} 11. Ne2 {[%clk 0:16:07]} Nbc6
{[%clk 0:16:08]} 12. Qxc3 {[%clk 0:16:15]} Bd7 {[%clk 0:15:36]} 13. h4
{[%clk 0:14:51]} O-O-O {[%clk 0:15:29]} 14. Bg5 {[%clk 0:14:58]} Be8
{[%clk 0:14:02]} 15. O-O-O {[%clk 0:13:22]} Kb8 {[%clk 0:10:48]} 16. Nd4
{[%clk 0:13:24]} a6 {[%clk 0:10:34]} 17. Qc5 {[%clk 0:09:55]} Rc8
{[%clk 0:07:23]} 18. Bxe7 {[%clk 0:09:50]} Nxe7 {[%clk 0:07:32]} 19. Qxc7+
{[%clk 0:09:50]} Kxc7 {[%clk 0:07:17]} 20. h5 {[%clk 0:09:42]} Ba4
{[%clk 0:07:22]} 21. Rh4 {[%clk 0:08:38]} Kb8 {[%clk 0:07:09]} 22. g4
{[%clk 0:08:25]} Rh8 {[%clk 0:06:14]} 23. Bd3 {[%clk 0:07:03]} Ng6
{[%clk 0:05:34]} 24. hxg6 {[%clk 0:06:25]} Rxh4 {[%clk 0:05:39]} 25. gxf7
{[%clk 0:06:33]} Bd7 {[%clk 0:05:06]} 26. Rg1 {[%clk 0:06:26]} Rf8
{[%clk 0:04:34]} 27. Nf3 {[%clk 0:06:34]} Rh3 {[%clk 0:03:50]} 28. Ng5
{[%clk 0:06:41]} Rh2 {[%clk 0:03:59]} 29. f4 {[%clk 0:06:05]} Ba4
{[%clk 0:02:34]} 30. f5 {[%clk 0:03:48]} Rc8 {[%clk 0:01:33]} 31. Nxe6
{[%clk 0:01:52]} Bxc2 {[%clk 0:01:34]} 32. f8=Q {[%clk 0:01:58]} Bxd3+
{[%clk 0:00:45]} 33. Qxc8+ {[%clk 0:02:06]} Kxc8 {[%clk 0:00:54]} 34. Nd4
{[%clk 0:02:07]} Ra2 {[%clk 0:00:12]} 35. Rg3 {[%clk 0:02:14]} Be4
{[%clk 0:00:15]} 36. g5 {[%clk 0:02:00]} Ra1+ {[%clk 0:00:14]} 37. Kb2
{[%clk 0:02:08]} Rb1+ {[%clk 0:00:21]} 38. Ka2 {[%clk 0:02:12]} Rd1
{[%clk 0:00:16]} 39. g6 {[%clk 0:02:05]} 1-0

[Event "Memorial Kurnosova 2017"]
[Site "?"]
[Date "2017.09.09"]
[Round "6.9"]
[White "Smirnov, Pavel"]
[Black "Kostenko, Petr"]
[Result "1/2-1/2"]
[LiveChessVersion "1.4.8"]
[BlackElo "2487"]
[WhiteElo "2588"]

1. d4 {[%clk 0:15:18]} e6 {[%clk 0:15:15]} 2. Nf3 {[%clk 0:15:24]} f5
{[%clk 0:15:16]} 3. g3 {[%clk 0:15:29]} Nf6 {[%clk 0:15:25]} 4. Bg2
{[%clk 0:15:38]} d5 {[%clk 0:15:34]} 5. O-O {[%clk 0:15:46]} Bd6 {[%clk 0:15:42]}
6. c4 {[%clk 0:15:53]} O-O {[%clk 0:15:50]} 7. Nc3 {[%clk 0:16:01]} c6
{[%clk 0:15:52]} 8. Qc2 {[%clk 0:16:09]} Qe7 {[%clk 0:15:54]} 9. c5
{[%clk 0:16:17]} Bc7 {[%clk 0:16:02]} 10. Bf4 {[%clk 0:16:26]} Bxf4
{[%clk 0:15:07]} 11. gxf4 {[%clk 0:16:34]} Nbd7 {[%clk 0:14:42]} 12. b4
{[%clk 0:16:39]} Ne4 {[%clk 0:14:45]} 13. a4 {[%clk 0:16:38]} b6 {[%clk 0:13:58]}
14. Ne5 {[%clk 0:15:19]} Nxe5 {[%clk 0:10:37]} 15. fxe5 {[%clk 0:15:27]} bxc5
{[%clk 0:10:37]} 16. bxc5 {[%clk 0:11:25]} Nxc3 {[%clk 0:09:55]} 17. Qxc3
{[%clk 0:11:34]} Ba6 {[%clk 0:10:05]} 18. Rfe1 {[%clk 0:11:30]} Rab8
{[%clk 0:10:12]} 19. e3 {[%clk 0:11:22]} Rb7 {[%clk 0:10:00]} 20. Rab1
{[%clk 0:10:53]} Rfb8 {[%clk 0:10:06]} 21. Qc2 Bc4 1/2-1/2

[Event "Memorial Kurnosova 2017"]
[Site "?"]
[Date "2017.09.09"]
[Round "6.10"]
[White "Iljiushenok, Ilia"]
[Black "Solovjev, Nikolay"]
[Result "1-0"]
[LiveChessVersion "1.4.8"]
[BlackElo "2210"]
[WhiteElo "2563"]

1. e4 {[%clk 0:15:17]} c5 {[%clk 0:15:18]} 2. Nc3 {[%clk 0:15:25]} Nc6
{[%clk 0:15:25]} 3. Bb5 {[%clk 0:15:33]} Nd4 {[%clk 0:15:32]} 4. Bc4
{[%clk 0:15:41]} e6 {[%clk 0:13:04]} 5. Nge2 {[%clk 0:15:48]} Nc6
{[%clk 0:10:53]} 6. d4 {[%clk 0:13:50]} a6 {[%clk 0:10:56]} 7. a4
{[%clk 0:11:43]} d6 {[%clk 0:10:37]} 8. d5 {[%clk 0:11:20]} Na5 {[%clk 0:10:24]}
9. Ba2 {[%clk 0:11:17]} e5 {[%clk 0:10:32]} 10. O-O {[%clk 0:11:16]} g6
{[%clk 0:07:57]} 11. f4 {[%clk 0:11:22]} Bg7 {[%clk 0:07:36]} 12. fxe5
{[%clk 0:11:29]} Bxe5 {[%clk 0:07:43]} 13. Bf4 {[%clk 0:11:37]} Qe7
{[%clk 0:07:46]} 14. Qd2 {[%clk 0:11:43]} b6 {[%clk 0:07:44]} 15. Bxe5
{[%clk 0:11:04]} Qxe5 {[%clk 0:07:52]} 16. Nf4 {[%clk 0:08:54]} Nf6
{[%clk 0:07:34]} 17. Nd3 {[%clk 0:08:59]} Qd4+ {[%clk 0:06:47]} 18. Kh1
{[%clk 0:09:08]} Ng4 {[%clk 0:06:02]} 19. e5 {[%clk 0:08:13]} c4 {[%clk 0:04:40]}
20. Rae1 {[%clk 0:06:51]} cxd3 {[%clk 0:04:32]} 21. Re4 {[%clk 0:07:00]} Qxe5
{[%clk 0:00:54]} 22. Rxe5+ {[%clk 0:07:03]} Nxe5 {[%clk 0:01:01]} 23. cxd3
{[%clk 0:07:06]} O-O {[%clk 0:01:03]} 24. Ne4 {[%clk 0:07:12]} Nb7
{[%clk 0:00:27]} 25. d4 {[%clk 0:06:51]} Nd7 {[%clk 0:00:33]} 26. Qf4
{[%clk 0:06:51]} f5 {[%clk 0:00:29]} 27. Nxd6 {[%clk 0:06:52]} Nxd6
{[%clk 0:00:37]} 28. Qxd6 {[%clk 0:07:00]} Nf6 {[%clk 0:00:41]} 29. Qxb6
{[%clk 0:06:41]} Bd7 {[%clk 0:00:50]} 30. d6+ {[%clk 0:06:09]} Kg7
{[%clk 0:00:57]} 31. Qa5 {[%clk 0:06:10]} Rab8 {[%clk 0:00:48]} 32. b4
{[%clk 0:05:56]} Rfe8 {[%clk 0:00:52]} 33. Bc4 {[%clk 0:05:41]} Re4
{[%clk 0:00:58]} 34. Bxa6 {[%clk 0:04:51]} Rxd4 {[%clk 0:01:06]} 35. Bb5
{[%clk 0:04:51]} Rd5 {[%clk 0:00:23]} 36. Qc7 {[%clk 0:04:50]} Rc8
{[%clk 0:00:32]} 37. Bxd7 {[%clk 0:04:58]} 1-0

[Event "Memorial Kurnosova 2017"]
[Site "?"]
[Date "2017.09.09"]
[Round "7.1"]
[White "Riazantsev, Alexander"]
[Black "Yuffa, Daniil"]
[Result "1-0"]
[LiveChessVersion "1.4.8"]
[BlackElo "2554"]
[WhiteElo "2703"]

1. d4 {[%clk 0:15:19]} Nf6 {[%clk 0:15:18]} 2. c4 {[%clk 0:15:27]} c5
{[%clk 0:15:27]} 3. d5 {[%clk 0:15:35]} g6 {[%clk 0:15:35]} 4. Nc3
{[%clk 0:15:25]} Bg7 {[%clk 0:15:43]} 5. e4 {[%clk 0:15:23]} O-O {[%clk 0:15:50]}
6. Be3 {[%clk 0:15:20]} d6 {[%clk 0:15:59]} 7. Be2 {[%clk 0:15:29]} e6
{[%clk 0:16:05]} 8. Nf3 {[%clk 0:15:37]} exd5 {[%clk 0:16:11]} 9. cxd5
{[%clk 0:15:46]} Bg4 {[%clk 0:16:19]} 10. Nd2 {[%clk 0:15:51]} Bxe2
{[%clk 0:16:27]} 11. Qxe2 {[%clk 0:15:59]} Re8 {[%clk 0:16:12]} 12. O-O
{[%clk 0:16:05]} Nbd7 {[%clk 0:16:14]} 13. a4 {[%clk 0:15:52]} a6
{[%clk 0:14:43]} 14. h3 {[%clk 0:15:58]} Rc8 {[%clk 0:13:59]} 15. a5
{[%clk 0:14:39]} Qc7 {[%clk 0:11:38]} 16. Ra4 {[%clk 0:13:41]} Re7
{[%clk 0:10:44]} 17. Bg5 {[%clk 0:12:54]} Rce8 {[%clk 0:09:59]} 18. f4
{[%clk 0:12:01]} Nf8 {[%clk 0:07:56]} 19. e5 {[%clk 0:11:10]} Rd7
{[%clk 0:06:14]} 20. Bxf6 {[%clk 0:09:42]} Bxf6 {[%clk 0:06:22]} 21. Nde4
{[%clk 0:08:28]} Be7 {[%clk 0:04:43]} 22. exd6 {[%clk 0:07:06]} Rxd6
{[%clk 0:04:52]} 23. Nxd6 {[%clk 0:07:12]} Qxd6 {[%clk 0:05:01]} 24. Re4
{[%clk 0:07:05]} Nd7 {[%clk 0:05:09]} 25. Re1 {[%clk 0:06:55]} Kf8
{[%clk 0:05:18]} 26. Re3 {[%clk 0:06:07]} h6 {[%clk 0:04:24]} 27. Kh1
{[%clk 0:05:32]} Nf6 {[%clk 0:02:53]} 28. Ne4 {[%clk 0:05:35]} Qxf4
{[%clk 0:03:01]} 29. Rf1 {[%clk 0:05:07]} Nxe4 {[%clk 0:03:10]} 30. Rxf4
{[%clk 0:04:50]} 1-0

[Event "Memorial Kurnosova 2017"]
[Site "?"]
[Date "2017.09.09"]
[Round "7.3"]
[White "Bocharov, Ivan"]
[Black "Ovetchkin, Roman"]
[Result "1/2-1/2"]
[LiveChessVersion "1.4.8"]
[BlackElo "2489"]
[WhiteElo "2590"]

1. e4 {[%clk 0:15:20]} c6 {[%clk 0:15:18]} 2. d4 {[%clk 0:15:28]} d5
{[%clk 0:15:27]} 3. exd5 {[%clk 0:15:36]} cxd5 {[%clk 0:15:36]} 4. Bd3
{[%clk 0:15:44]} Nc6 {[%clk 0:15:44]} 5. c3 {[%clk 0:15:53]} Qc7 {[%clk 0:15:51]}
6. Nf3 {[%clk 0:15:25]} Bg4 {[%clk 0:15:54]} 7. O-O {[%clk 0:15:17]} e6
{[%clk 0:16:02]} 8. h3 {[%clk 0:15:11]} Bh5 {[%clk 0:16:08]} 9. Re1
{[%clk 0:14:29]} Bd6 {[%clk 0:15:45]} 10. Nbd2 {[%clk 0:12:30]} Nf6
{[%clk 0:15:48]} 11. Nf1 {[%clk 0:12:17]} O-O {[%clk 0:15:27]} 12. Bg5
{[%clk 0:12:16]} Rab8 {[%clk 0:15:20]} 13. Qe2 {[%clk 0:09:24]} Rfe8
{[%clk 0:10:51]} 14. Qe3 {[%clk 0:07:14]} Bg6 {[%clk 0:09:55]} 15. Ne5
{[%clk 0:04:00]} Nxe5 {[%clk 0:04:29]} 16. dxe5 {[%clk 0:04:05]} Bc5
{[%clk 0:04:38]} 17. Qg3 {[%clk 0:03:40]} Bxd3 {[%clk 0:02:33]} 18. exf6
{[%clk 0:03:03]} Qxg3 {[%clk 0:02:34]} 19. Nxg3 {[%clk 0:03:12]} Bg6
{[%clk 0:02:07]} 20. Bf4 {[%clk 0:02:36]} Rbc8 {[%clk 0:01:22]} 21. Be5
{[%clk 0:02:45]} gxf6 {[%clk 0:01:30]} 22. Bxf6 {[%clk 0:02:54]} Bd6
{[%clk 0:01:37]} 23. Rad1 {[%clk 0:02:58]} b5 {[%clk 0:01:21]} 24. Nf1
{[%clk 0:01:51]} b4 {[%clk 0:01:18]} 25. Ne3 {[%clk 0:01:57]} bxc3
{[%clk 0:01:17]} 26. Bxc3 {[%clk 0:02:06]} h5 {[%clk 0:01:17]} 27. Rd4
{[%clk 0:01:48]} Be5 {[%clk 0:01:14]} 28. Ra4 {[%clk 0:01:56]} Bxc3
{[%clk 0:01:23]} 29. bxc3 {[%clk 0:02:05]} Red8 {[%clk 0:01:27]} 30. Ra3
{[%clk 0:01:23]} Rd7 {[%clk 0:01:28]} 31. Rd1 {[%clk 0:01:04]} Rdc7
{[%clk 0:01:32]} 32. Kh2 {[%clk 0:01:04]} Rxc3 {[%clk 0:00:37]} 33. Rxa7
{[%clk 0:01:13]} Rd3 {[%clk 0:00:37]} 34. Rxd3 {[%clk 0:01:03]} Bxd3
{[%clk 0:00:45]} 35. g4 {[%clk 0:00:50]} d4 {[%clk 0:00:49]} 36. Ng2
{[%clk 0:00:52]} hxg4 {[%clk 0:00:49]} 37. hxg4 {[%clk 0:01:01]} Rc2
{[%clk 0:00:57]} 38. Kg3 {[%clk 0:01:06]} Bc4 {[%clk 0:01:06]} 39. Rd7
{[%clk 0:01:13]} e5 {[%clk 0:00:22]} 40. f4 {[%clk 0:01:22]} Rc3+
{[%clk 0:00:14]} 41. Kf2 {[%clk 0:01:31]} Rc2+ {[%clk 0:00:21]} 42. Kg3
{[%clk 0:01:41]} Rc3+ {[%clk 0:00:17]} 43. Kf2 {[%clk 0:01:50]} Rc2+
{[%clk 0:00:20]} 44. Kg3 {[%clk 0:01:59]} Bf1 {[%clk 0:00:25]} 45. Ne1
{[%clk 0:01:57]} exf4+ {[%clk 0:00:25]} 46. Kxf4 {[%clk 0:02:03]} Rf2+
{[%clk 0:00:32]} 47. Kg3 {[%clk 0:02:11]} Rxa2 {[%clk 0:00:39]} 48. Rxd4
{[%clk 0:02:19]} 1/2-1/2

[Event "Memorial Kurnosova 2017"]
[Site "?"]
[Date "2017.09.09"]
[Round "7.4"]
[White "Iljiushenok, Ilia"]
[Black "Tregubov, Pavel V."]
[Result "1-0"]
[LiveChessVersion "1.4.8"]
[BlackElo "2578"]
[WhiteElo "2563"]

1. e4 {[%clk 0:15:18]} c5 {[%clk 0:15:18]} 2. Nc3 {[%clk 0:15:26]} e6
{[%clk 0:15:27]} 3. Nf3 {[%clk 0:15:34]} Nc6 {[%clk 0:15:29]} 4. d4
{[%clk 0:15:42]} cxd4 {[%clk 0:15:38]} 5. Nxd4 {[%clk 0:15:50]} Nf6
{[%clk 0:15:47]} 6. Ndb5 {[%clk 0:15:51]} d6 {[%clk 0:15:54]} 7. Bf4
{[%clk 0:15:58]} e5 {[%clk 0:16:03]} 8. Bg5 {[%clk 0:16:03]} a6 {[%clk 0:16:12]}
9. Na3 {[%clk 0:16:10]} b5 {[%clk 0:16:20]} 10. Bxf6 {[%clk 0:16:15]} gxf6
{[%clk 0:16:29]} 11. Nd5 {[%clk 0:16:18]} f5 {[%clk 0:16:35]} 12. Bd3
{[%clk 0:15:59]} Be6 {[%clk 0:16:43]} 13. O-O {[%clk 0:15:47]} Bxd5
{[%clk 0:16:46]} 14. exd5 {[%clk 0:15:54]} Ne7 {[%clk 0:16:55]} 15. Nxb5
{[%clk 0:15:32]} Bg7 {[%clk 0:17:03]} 16. Nc3 {[%clk 0:15:31]} e4
{[%clk 0:17:08]} 17. Bc4 {[%clk 0:15:31]} O-O {[%clk 0:16:19]} 18. Qh5
{[%clk 0:15:34]} Re8 {[%clk 0:15:46]} 19. Rae1 {[%clk 0:13:22]} Qc8
{[%clk 0:15:40]} 20. Bb3 {[%clk 0:13:30]} Ng6 {[%clk 0:15:46]} 21. f4
{[%clk 0:13:13]} Bd4+ {[%clk 0:10:53]} 22. Kh1 {[%clk 0:13:19]} Bxc3
{[%clk 0:11:01]} 23. bxc3 {[%clk 0:13:27]} e3 {[%clk 0:11:09]} 24. g4
{[%clk 0:09:40]} fxg4 {[%clk 0:07:44]} 25. f5 {[%clk 0:09:39]} Ne5
{[%clk 0:07:52]} 26. Qg5+ {[%clk 0:06:13]} Kh8 {[%clk 0:08:01]} 27. Qf6+
{[%clk 0:06:22]} Kg8 {[%clk 0:08:10]} 28. Qh6 {[%clk 0:06:32]} Kh8
{[%clk 0:07:36]} 29. Qxd6 {[%clk 0:06:16]} Nd7 {[%clk 0:04:12]} 30. Qb4
{[%clk 0:02:24]} f6 {[%clk 0:03:00]} 31. Rg1 {[%clk 0:01:42]} Qc5
{[%clk 0:01:00]} 32. Qxg4 {[%clk 0:01:45]} Rg8 {[%clk 0:01:09]} 33. Qd4
{[%clk 0:01:49]} Rxg1+ {[%clk 0:00:54]} 34. Rxg1 {[%clk 0:01:59]} Re8
{[%clk 0:01:03]} 35. Ba4 {[%clk 0:01:41]} e2 {[%clk 0:00:22]} 36. Qxc5
{[%clk 0:01:11]} e1=Q {[%clk 0:00:28]} 37. Rxe1 {[%clk 0:01:19]} 1-0

[Event "Memorial Kurnosova 2017"]
[Site "?"]
[Date "2017.09.09"]
[Round "7.5"]
[White "Yudin, Sergei"]
[Black "Gunina, Valentina"]
[Result "1/2-1/2"]
[LiveChessVersion "1.4.8"]
[BlackElo "2528"]
[WhiteElo "2610"]

1. e4 {[%clk 0:15:17]} e5 {[%clk 0:15:18]} 2. Nf3 {[%clk 0:15:24]} Nc6
{[%clk 0:15:26]} 3. Bc4 {[%clk 0:15:31]} Bc5 {[%clk 0:15:31]} 4. c3
{[%clk 0:15:30]} Nf6 {[%clk 0:15:33]} 5. d4 {[%clk 0:15:34]} exd4
{[%clk 0:15:42]} 6. cxd4 {[%clk 0:15:41]} Bb4+ {[%clk 0:15:50]} 7. Bd2
{[%clk 0:15:48]} Nxe4 {[%clk 0:15:57]} 8. Bxb4 {[%clk 0:15:37]} Nxb4
{[%clk 0:16:04]} 9. Bxf7+ {[%clk 0:15:43]} Kxf7 {[%clk 0:15:43]} 10. Qb3+
{[%clk 0:15:49]} Kf8 {[%clk 0:15:36]} 11. Qxb4+ {[%clk 0:15:41]} Qe7
{[%clk 0:15:45]} 12. Qxe7+ {[%clk 0:15:46]} Kxe7 {[%clk 0:15:53]} 13. Nbd2
{[%clk 0:14:23]} Nf6 {[%clk 0:13:51]} 14. Rc1 {[%clk 0:14:08]} c6
{[%clk 0:13:38]} 15. O-O {[%clk 0:13:21]} Re8 {[%clk 0:13:46]} 16. Rfe1+
{[%clk 0:13:21]} Kf8 {[%clk 0:13:54]} 17. Nc4 {[%clk 0:13:01]} d5
{[%clk 0:13:45]} 18. Nd6 {[%clk 0:12:52]} Rd8 {[%clk 0:13:51]} 19. Nxc8
{[%clk 0:12:56]} Raxc8 {[%clk 0:13:59]} 20. Ne5 {[%clk 0:12:46]} Nd7
{[%clk 0:14:02]} 21. Nxd7+ {[%clk 0:12:49]} Rxd7 {[%clk 0:14:10]} 22. f3
{[%clk 0:12:54]} Re8 {[%clk 0:14:02]} 23. Rxe8+ {[%clk 0:13:00]} Kxe8
{[%clk 0:14:11]} 24. Kf2 {[%clk 0:13:03]} Re7 {[%clk 0:13:51]} 25. b4
{[%clk 0:13:08]} Kd7 {[%clk 0:13:45]} 26. a4 {[%clk 0:13:14]} Kd6
{[%clk 0:13:20]} 27. g4 {[%clk 0:13:04]} Re8 {[%clk 0:13:09]} 28. h4
{[%clk 0:13:07]} Re7 {[%clk 0:12:39]} 29. Rc2 {[%clk 0:13:08]} Re8
{[%clk 0:12:45]} 30. Rc1 {[%clk 0:13:15]} Re7 {[%clk 0:12:54]} 31. Rc2
{[%clk 0:13:23]} Re8 {[%clk 0:13:02]} 32. Rc1 1/2-1/2

[Event "Memorial Kurnosova 2017"]
[Site "?"]
[Date "2017.09.09"]
[Round "7.6"]
[White "Movsesian, Sergei"]
[Black "Ulybin, Mikhail"]
[Result "1-0"]
[LiveChessVersion "1.4.8"]
[BlackElo "2477"]
[WhiteElo "2712"]

1. Nf3 {[%clk 0:15:17]} Nf6 {[%clk 0:15:04]} 2. g3 {[%clk 0:15:23]} g6
{[%clk 0:15:09]} 3. Bg2 {[%clk 0:15:32]} Bg7 {[%clk 0:15:15]} 4. O-O
{[%clk 0:15:39]} O-O {[%clk 0:15:11]} 5. d4 {[%clk 0:15:47]} d5 {[%clk 0:15:14]}
6. Nbd2 {[%clk 0:15:55]} c6 {[%clk 0:14:56]} 7. b3 {[%clk 0:16:00]} Bf5
{[%clk 0:14:37]} 8. Bb2 {[%clk 0:16:00]} Ne4 {[%clk 0:13:43]} 9. c4
{[%clk 0:14:21]} Nd7 {[%clk 0:12:48]} 10. Nh4 {[%clk 0:14:13]} Nxd2
{[%clk 0:11:50]} 11. Qxd2 {[%clk 0:14:21]} Nf6 {[%clk 0:10:34]} 12. Nxf5
{[%clk 0:13:53]} gxf5 {[%clk 0:10:41]} 13. Qd3 {[%clk 0:12:55]} Qd7
{[%clk 0:10:30]} 14. Rac1 {[%clk 0:12:49]} Rac8 {[%clk 0:10:04]} 15. e3
{[%clk 0:12:21]} Rfd8 {[%clk 0:09:23]} 16. Rfd1 {[%clk 0:12:25]} e6
{[%clk 0:07:32]} 17. Bc3 {[%clk 0:12:13]} Ne4 {[%clk 0:07:24]} 18. Ba5
{[%clk 0:12:17]} b6 {[%clk 0:06:55]} 19. Be1 {[%clk 0:12:24]} Qb7
{[%clk 0:06:06]} 20. Rc2 {[%clk 0:12:05]} Bf8 {[%clk 0:05:06]} 21. Qe2
{[%clk 0:11:55]} Nf6 {[%clk 0:03:18]} 22. h3 {[%clk 0:12:03]} Bd6
{[%clk 0:01:01]} 23. g4 {[%clk 0:11:47]} Qd7 {[%clk 0:00:18]} 24. f3
{[%clk 0:11:48]} h6 {[%clk 0:00:11]} 25. c5 {[%clk 0:11:32]} Be7 {[%clk 0:00:16]}
26. Bg3 {[%clk 0:11:39]} Kh7 {[%clk 0:00:16]} 27. Qd3 {[%clk 0:11:45]} Rg8
{[%clk 0:00:18]} 28. Kf2 {[%clk 0:11:40]} Rg6 {[%clk 0:00:18]} 29. b4
{[%clk 0:11:32]} b5 {[%clk 0:00:16]} 30. a4 {[%clk 0:11:30]} a6 {[%clk 0:00:19]}
31. axb5 {[%clk 0:11:20]} axb5 {[%clk 0:00:19]} 32. Ra1 {[%clk 0:11:26]} Bd8
{[%clk 0:00:16]} 33. Be5 {[%clk 0:11:32]} Bc7 {[%clk 0:00:19]} 34. Ra7
{[%clk 0:11:28]} Ne8 {[%clk 0:00:16]} 35. Rca2 {[%clk 0:11:07]} Kg8
{[%clk 0:00:14]} 36. Kf1 {[%clk 0:10:26]} f6 {[%clk 0:00:12]} 37. Bf4
{[%clk 0:09:59]} h5 {[%clk 0:00:15]} 38. gxh5 {[%clk 0:09:44]} Rg7
{[%clk 0:00:21]} 39. h6 {[%clk 0:09:52]} Re7 {[%clk 0:00:14]} 40. Rb7
{[%clk 0:09:41]} e5 {[%clk 0:00:15]} 41. dxe5 {[%clk 0:09:07]} fxe5
{[%clk 0:00:22]} 42. Bg5 {[%clk 0:09:15]} Rf7 {[%clk 0:00:21]} 43. f4
{[%clk 0:08:35]} Qe6 {[%clk 0:00:17]} 44. Raa7 {[%clk 0:08:33]} exf4
{[%clk 0:00:14]} 45. Bxf4 {[%clk 0:08:03]} Qf6 {[%clk 0:00:14]} 46. Qd4
{[%clk 0:07:08]} Qh4 {[%clk 0:00:13]} 47. Bxc7 {[%clk 0:02:47]} Qxd4
{[%clk 0:00:18]} 48. exd4 {[%clk 0:02:56]} Rcxc7 {[%clk 0:00:20]} 49. Rxc7
{[%clk 0:03:04]} Nxc7 {[%clk 0:00:21]} 50. Kf2 {[%clk 0:00:40]} Ne6
{[%clk 0:00:23]} 51. Ra6 {[%clk 0:00:45]} Nxd4 {[%clk 0:00:22]} 52. Bf1
{[%clk 0:00:54]} Rf6 {[%clk 0:00:18]} 53. Bd3 {[%clk 0:00:25]} Rxh6
{[%clk 0:00:19]} 54. Ke3 {[%clk 0:00:23]} Nb3 {[%clk 0:00:16]} 55. Bxf5
{[%clk 0:00:28]} Rh4 {[%clk 0:00:17]} 56. Bg4 {[%clk 0:00:36]} Rh6
{[%clk 0:00:14]} 57. Ra3 {[%clk 0:00:42]} d4+ {[%clk 0:00:16]} 58. Kd3
{[%clk 0:00:51]} Nc1+ {[%clk 0:00:16]} 59. Kd2 {[%clk 0:01:00]} 1-0